[Event "Arad op-A 14th"]
[Site "Arad"]
[Date "2021.08.02"]
[Round "5"]
[White "Trifan, Andrei Ioan"]
[Black "Craciun, Alexandru Emilian"]
[Result "0-1"]
[WhiteElo "2226"]
[BlackElo "2103"]
[PlyCount "136"]
[EventDate "2021.07.30"]
[EventType "swiss"]
[EventRounds "9"]
[EventCountry "ROU"]
[SourceTitle "CBM 203 Extra"]
[Source "ChessBase"]
[SourceDate "2021.09.30"]
[SourceVersion "1"]
[SourceVersionDate "2021.09.30"]
[SourceQuality "1"]

1. e4 e6 2. d4 d5 3. Nc3 Bb4 4. e5 c5 5. a3 Bxc3+ 6. bxc3 Ne7 7. Qg4 Qc7 8. Bd3 c4 9. Be2 Nf5 10. h4 Bd7 11. a4 Qa5 12. Rh3 Bxa4 13. Qf4 Nc6 14. Kf1 b5 15. g4 Nxh4 16. Rxh4 Qxc3 17. Ra2 Qxd4 18. Qxd4 Nxd4 19. c3 Nc6 20. Nf3 a5 21. Rh1 Bb3 22. Ra1 Ke7 23. Bg5+ Kd7 24. Kg2 h6 25. Bd2 Bc2 26. Ra2 Be4 27. Rha1 Rab8 28. Bd1 b4 29. Ba4 b3 30. Rb2 Kc7 31. Bxc6 Kxc6 32. Kg3 Bxf3 33. Kxf3 Kb5 34. Bc1 a4 35. Rd2 f6 36. exf6 gxf6 37. Ba3 h5 38. g5 fxg5 39. Re1 Rbe8 40. Rde2 h4 41. Kg2 Rh6 42. Bc1 Kc6 43. Kh3 Rf6 44. Kg4 Kd7 45. f3 a3 46. Bxa3 Rf4+ 47. Kxg5 Rxf3 48. Kxh4 Rxc3 49. Rf1 Rd3 50. Rf7+ Kc6 51. Be7 Rd4+ 52. Kg3 Re4 53. Rb2 d4 54. Bb4 e5 55. Ba5 Re3+ 56. Kf2 Rh8 57. Rb1 Rh2+ 58. Kg1 Reh3 59. Be1 Rh1+ 60. Kg2 R3h2+ 61. Kf3 Rf1+ 62. Kg3 Rxf7 63. Kxh2 Kd5 64. Bg3 e4 65. Ra1 e3 66. Ra5+ Ke4 67. Re5+ Kd3 68. Rb5 e2 0-1

[Event "Arad op-A 14th"]
[Site "Arad"]
[Date "2021.08.01"]
[Round "4"]
[White "Craciun, Alexandru Emilian"]
[Black "Bargan, Sergei"]
[Result "1/2-1/2"]
[WhiteElo "2103"]
[BlackElo "2250"]
[PlyCount "119"]
[EventDate "2021.07.30"]
[EventType "swiss"]
[EventRounds "9"]
[EventCountry "ROU"]
[SourceTitle "CBM 203 Extra"]
[Source "ChessBase"]
[SourceDate "2021.09.30"]
[SourceVersion "1"]
[SourceVersionDate "2021.09.30"]
[SourceQuality "1"]

1. e4 c6 2. d4 d5 3. e5 Bf5 4. Nf3 e6 5. Be2 Nd7 6. 0-0 Bg6 7. Nbd2 Nh6 8. c3 f6 9. exf6 Qxf6 10. Nb3 Nf7 11. g3 Bh5 12. Re1 Bd6 13. Nh4 Bxe2 14. Qxe2 Nf8 15. Na5 0-0-0 16. b4 e5 17. Be3 e4 18. b5 Bc7 19. Nb3 Nd7 20. Rab1 cxb5 21. Qxb5 Qc6 22. Qxc6 bxc6 23. Nf5 Nb6 24. Nxg7 Nc4 25. Ne6 Rdg8 26. Nxc7 Kxc7 27. Bf4+ Kc8 28. Nc5 Nb6 29. h4 Rg4 30. a4 Rxf4 31. gxf4 Nd6 32. Kh2 Nbc4 33. Re2 Nf5 34. Na6 Kd7 35. Rb7+ Ke6 36. Nc5+ Kf6 37. f3 Nfd6 38. Nd7+ Kf5 39. fxe4+ Kxf4 40. Rb8 Rxb8 41. Nxb8 dxe4 42. Kg2 Ne3+ 43. Kg1 Nd1 44. Rc2 Ke3 45. Nxc6 Kd3 46. Nb4+ Kc4 47. Rc1 Nb2 48. a5 Nd3 49. Nxd3 exd3 50. Kf2 d2 51. Ra1 Kd3 52. d5 a6 53. Kf3 Nc4 54. h5 Nxa5 55. d6 Nc4 56. Kf4 Nxd6 57. Rxa6 Ne4 58. Ra1 Nxc3 59. Kg5 Ne4+ 60. Kh6 1/2-1/2

[Event "Arad op-A 14th"]
[Site "Arad"]
[Date "2021.07.31"]
[Round "2"]
[White "Craciun, Alexandru Emilian"]
[Black "Manea, Alexandru"]
[Result "1-0"]
[WhiteElo "2103"]
[BlackElo "2338"]
[PlyCount "62"]
[EventDate "2021.07.30"]
[EventType "swiss"]
[EventRounds "9"]
[EventCountry "ROU"]
[SourceTitle "CBM 203 Extra"]
[Source "ChessBase"]
[SourceDate "2021.09.30"]
[SourceVersion "1"]
[SourceVersionDate "2021.09.30"]
[SourceQuality "1"]

1. e4 e6 2. d4 d5 3. Nc3 Bb4 4. e5 b6 5. Qg4 Bf8 6. h4 h5 7. Qf3 Ba6 8. Bg5 Qd7 9. Bxa6 Nxa6 10. Nh3 g6 11. Nf4 Nb4 12. 0-0-0 Be7 13. a3 Nc6 14. Ncxd5 exd5 15. e6 Qd8 16. exf7+ Kxf7 17. Ne6+ Kxe6 18. Rhe1+ Kd7 19. Qxd5+ Kc8 20. Qxc6 Rb8 21. Bxe7 Nxe7 22. Qe6+ Kb7 23. Qxe7 Rf8 24. Qe4+ Ka6 25. d5 Qd6 26. g3 Rxf2 27. Qd3+ Kb7 28. Re6 Qc5 29. Rc6 Qf8 30. Qxg6 Re8 31. Rc4 Qd6 1-0

[Event "Targu Mures op"]
[Site "Targu Mures"]
[Date "2021.07.24"]
[Round "5"]
[White "Craciun, Alexandru Emilian"]
[Black "Juncu, Nicolae"]
[Result "1-0"]
[WhiteElo "2103"]
[BlackElo "1830"]
[PlyCount "65"]
[EventDate "2021.07.21"]
[EventType "swiss"]
[EventRounds "7"]
[EventCountry "ROU"]
[SourceTitle "CBM 203 Extra"]
[Source "ChessBase"]
[SourceDate "2021.09.30"]
[SourceVersion "1"]
[SourceVersionDate "2021.09.30"]
[SourceQuality "1"]

1. e4 c6 2. d4 d5 3. e5 g6 4. Nc3 Bg7 5. h3 h5 6. Bf4 a5 7. Nf3 Na6 8. Bd3 b6 9. Ng5 Nh6 10. e6 Bxe6 11. Nxe6 fxe6 12. Bxg6+ Kd7 13. Ne2 Nf5 14. g3 Qf8 15. c3 Qf6 16. Bxf5 Qxf5 17. Qd2 e5 18. dxe5 Bxe5 19. Bxe5 Qxe5 20. 0-0-0 e6 21. Rhe1 Qf6 22. f4 Rhe8 23. g4 hxg4 24. hxg4 Kc7 25. g5 Qg6 26. Nd4 Nc5 27. Re5 b5 28. Qe3 Ne4 29. Rh1 Rh8 30. Nxe6+ Kb7 31. Rd1 Rh2 32. Rxe4 Qxe4 33. Nc5+ 1-0

[Event "Jupiter FISCA op"]
[Site "Jupiter"]
[Date "2021.06.27"]
[Round "5"]
[White "Craciun, Alexandru Emilian"]
[Black "Ribarov, Valerij"]
[Result "1-0"]
[WhiteElo "2103"]
[BlackElo "1945"]
[PlyCount "89"]
[EventDate "2021.06.23"]
[EventType "swiss"]
[EventRounds "9"]
[EventCountry "ROU"]
[SourceTitle "EXT 2022"]
[Source "ChessBase"]
[SourceDate "2021.10.06"]
[SourceVersion "1"]
[SourceVersionDate "2021.10.06"]
[SourceQuality "1"]

1. e4 c5 2. Nf3 Nc6 3. d4 cxd4 4. Nxd4 Nf6 5. Nc3 d6 6. Be3 g6 7. f3 Bg7 8. Qd2 0-0 9. Nb3 Bd7 10. 0-0-0 Rc8 11. Bh6 Ne5 12. h4 b5 13. Nxb5 Bxh6 14. Qxh6 Qb6 15. Nc3 a5 16. Nd5 Nxd5 17. Rxd5 f6 18. Qd2 a4 19. Nd4 Nc4 20. Bxc4 Rxc4 21. h5 g5 22. Ne2 Be6 23. Rd4 Rfc8 24. Rxc4 Rxc4 25. c3 Rc8 26. Kb1 Qf2 27. Qe1 Qe3 28. Nd4 Qd3+ 29. Ka1 a3 30. Nxe6 axb2+ 31. Kxb2 Rb8+ 32. Ka1 Qc2 33. Qc1 Qxg2 34. Rg1 Qxf3 35. Nd4 Qxh5 36. Nf5 Rb7 37. Qf1 Qh2 38. Rg2 Qe5 39. Qc4+ d5 40. Qc8+ Kf7 41. Qxb7 Qxc3+ 42. Kb1 Qd3+ 43. Kb2 dxe4 44. Qxe7+ Kg6 45. Nh4+ 1-0

[Event "Arad op 13th"]
[Site "Arad"]
[Date "2020.09.26"]
[Round "2"]
[White "Istratescu, Andrei"]
[Black "Craciun, Alexandru Emilian"]
[Result "1-0"]
[WhiteElo "2551"]
[BlackElo "2090"]
[PlyCount "69"]
[EventDate "2020.09.25"]
[EventType "swiss"]
[EventRounds "9"]
[EventCountry "ROU"]
[SourceTitle "CBM 198 Extra"]
[Source "ChessBase"]
[SourceDate "2020.11.30"]
[SourceVersion "1"]
[SourceVersionDate "2020.11.30"]
[SourceQuality "1"]

1. d4 Nf6 2. c4 e6 3. Nf3 Bb4+ 4. Nbd2 0-0 5. a3 Bxd2+ 6. Qxd2 b6 7. e3 Bb7 8. Be2 a5 9. b3 d6 10. 0-0 Nbd7 11. Bb2 Ne4 12. Qc2 f5 13. Rad1 Qe7 14. Ne1 Rac8 15. f3 Nef6 16. Qd2 d5 17. Nd3 Nh5 18. Rc1 Qg5 19. c5 Ba6 20. Rc2 Bxd3 21. Bxd3 f4 22. Re1 fxe3 23. Qxe3 Qxe3+ 24. Rxe3 bxc5 25. dxc5 Rb8 26. c6 Ndf6 27. Rc5 Rb6 28. Bc3 a4 29. bxa4 Nf4 30. Bb5 d4 31. Bxd4 Rd8 32. Rc4 Rbb8 33. Bxf6 Rd1+ 34. Kf2 Rd2+ 35. Ke1 1-0

[Event "ROM-chT"]
[Site "Mamaia"]
[Date "2019.09.24"]
[Round "4.1"]
[White "Craciun, Alexandru Emilian"]
[Black "Banzea, Alexandru Bogdan"]
[Result "0-1"]
[WhiteElo "2077"]
[BlackElo "2401"]
[PlyCount "138"]
[EventDate "2019.09.21"]
[EventType "team-tourn"]
[EventRounds "9"]
[EventCountry "ROU"]
[SourceTitle "EXT 2020"]
[Source "ChessBase"]
[SourceDate "2019.10.17"]
[SourceVersion "1"]
[SourceVersionDate "2019.10.17"]
[SourceQuality "1"]
[WhiteTeam "Galati Acs Pro Logos"]
[BlackTeam "Timisoara Medicina"]
[WhiteTeamCountry "ROU"]
[BlackTeamCountry "ROU"]

1. e4 c6 2. d4 d5 3. Nc3 dxe4 4. Nxe4 Bf5 5. Ng3 Bg6 6. h4 h6 7. Nf3 e6 8. h5 Bh7 9. Bd3 Bxd3 10. Qxd3 Nf6 11. Bd2 c5 12. 0-0-0 Nc6 13. Bc3 Be7 14. dxc5 Qxd3 15. Rxd3 Bxc5 16. Bxf6 gxf6 17. Ne4 Be7 18. Nd6+ Bxd6 19. Rxd6 Rg8 20. g3 Rd8 21. Rxd8+ Kxd8 22. c3 Ke7 23. Kd2 Rd8+ 24. Ke2 Rd5 25. Rh4 f5 26. Nd2 Ne5 27. Ra4 a5 28. b4 axb4 29. Rxb4 Rd7 30. Nb3 Rc7 31. Na5 Rxc3 32. Rxb7+ Kf6 33. Rb2 Ra3 34. Nb3 Nc4 35. Rc2 Nb6 36. Nd2 Nd5 37. Nc4 Rxa2 38. Rxa2 Nc3+ 39. Ke3 Nxa2 40. f4 Nc3 41. Kf3 Nd5 42. Ne5 Kg7 43. g4 fxg4+ 44. Kxg4 Ne7 45. Kh4 f6 46. Nd3 Nc6 47. Kg3 Kf7 48. Nf2 f5 49. Nd3 Ke7 50. Ne1 Kd6 51. Kf3 e5 52. fxe5+ Kxe5 53. Nd3+ Kf6 54. Nc5 Nd4+ 55. Ke3 Ne6 56. Nb7 Ke5 57. Na5 Ng7 58. Nc6+ Kf6 59. Kf3 Nxh5 60. Nd4 Ng7 61. Kg3 Ke5 62. Ne2 Ke4 63. Nc3+ Kd4 64. Ne2+ Ke3 65. Nf4 Ke4 66. Ne2 Ne6 67. Nc3+ Kd4 68. Ne2+ Ke3 69. Ng1 Ng5 0-1

[Event "Jupiter Fisca op"]
[Site "Jupiter"]
[Date "2019.06.23"]
[Round "2"]
[White "Cioara, Andrei Nestor"]
[Black "Craciun, Alexandru Emilian"]
[Result "1-0"]
[WhiteElo "2426"]
[BlackElo "1987"]
[PlyCount "57"]
[EventDate "2019.06.22"]
[EventType "swiss"]
[EventRounds "9"]
[EventCountry "ROU"]
[SourceTitle "CBM 191 Extra"]
[Source "ChessBase"]
[SourceDate "2019.09.30"]
[SourceVersion "1"]
[SourceVersionDate "2019.09.30"]
[SourceQuality "1"]

1. e4 e6 2. d4 d5 3. Nd2 Nf6 4. e5 Nfd7 5. Bd3 c5 6. c3 Nc6 7. Ne2 cxd4 8. cxd4 f6 9. exf6 Nxf6 10. Nf3 Bd6 11. Bf4 Qa5+ 12. Bd2 Qc7 13. Bc3 0-0 14. 0-0 Ne4 15. Qc2 Rxf3 16. Bxe4 Bxh2+ 17. Kh1 Rf6 18. Bxh7+ Kh8 19. Bd2 Bf4 20. Bxf4 Rxf4 21. Nxf4 Qxf4 22. Bd3 e5 23. dxe5 Bd7 24. Qe2 Nxe5 25. Qh5+ Kg8 26. Rae1 Re8 27. Re3 Re6 28. Qh7+ Kf7 29. Qf5+ 1-0

[Event "ROM-ch U16"]
[Site "Calimanesti Caciulata"]
[Date "2019.04.22"]
[Round "9"]
[White "Craciun, Alexandru Emilian"]
[Black "Ignat, Matei Marius"]
[Result "0-1"]
[WhiteElo "2136"]
[BlackElo "1750"]
[PlyCount "79"]
[EventDate "2019.04.15"]
[EventType "swiss"]
[EventRounds "9"]
[EventCountry "ROU"]
[SourceTitle "CBM 190 Extra"]
[Source "ChessBase"]
[SourceDate "2019.07.15"]
[SourceVersion "1"]
[SourceVersionDate "2019.07.15"]
[SourceQuality "1"]

1. e4 e6 2. d3 d5 3. Nd2 c5 4. Ngf3 Nc6 5. g3 g6 6. Bg2 Bg7 7. 0-0 Nge7 8. Re1 a5 9. Nf1 0-0 10. e5 b6 11. Bf4 h6 12. h4 Qc7 13. N1h2 Nd4 14. Nxd4 cxd4 15. Bh3 Nc6 16. Ng4 h5 17. Nf6+ Bxf6 18. exf6 e5 19. Bh6 Bxh3 20. Qc1 e4 21. Bxf8 e3 22. Rxe3 dxe3 23. Qxe3 Qe5 24. Qxb6 Qxf6 25. Kh2 Rxf8 26. Kxh3 Qe6+ 27. Kg2 Rb8 28. Qc5 Rxb2 29. Qc3 Rb8 30. Re1 Qd6 31. a3 d4 32. Qd2 Qxa3 33. Qf4 Qc5 34. g4 hxg4 35. Qxg4 a4 36. Qf4 a3 37. h5 Qd5+ 38. f3 Qxh5 39. Qe4 a2 40. f4 0-1

[Event "ROM-ch U16"]
[Site "Calimanesti Caciulata"]
[Date "2019.04.20"]
[Round "7"]
[White "Berechet, Stefan Mario"]
[Black "Craciun, Alexandru Emilian"]
[Result "0-1"]
[WhiteElo "1868"]
[BlackElo "2136"]
[PlyCount "162"]
[EventDate "2019.04.15"]
[EventType "swiss"]
[EventRounds "9"]
[EventCountry "ROU"]
[SourceTitle "CBM 190 Extra"]
[Source "ChessBase"]
[SourceDate "2019.07.15"]
[SourceVersion "1"]
[SourceVersionDate "2019.07.15"]
[SourceQuality "1"]

1. c4 Nf6 2. Nf3 c6 3. b3 d5 4. Bb2 Bf5 5. g3 h6 6. Bg2 Nbd7 7. 0-0 e6 8. d3 Be7 9. Nbd2 0-0 10. Re1 Bh7 11. a3 a5 12. Ne5 Nxe5 13. Bxe5 b5 14. Qc2 Bc5 15. Qb2 Qb6 16. d4 Be7 17. c5 Qd8 18. b4 Nd7 19. e4 Re8 20. Qc3 Nf8 21. a4 axb4 22. Qxb4 bxa4 23. Rxa4 Nd7 24. exd5 exd5 25. Bf4 g5 26. Be3 Rb8 27. Qa3 Nf6 28. Ra6 Qc7 29. Qa4 Rec8 30. Ra1 Ng4 31. Bh3 Bf5 32. Bxg4 Bxg4 33. Ra7 Rb7 34. Rxb7 Qxb7 35. Rb1 Qd7 36. Qa6 Rc7 37. Rb8+ Kg7 38. Qb6 Ra7 39. Qb2 Be2 40. Rb3 Qc7 41. Ra3 Rb7 42. Qc2 Qd7 43. Qc1 Bf6 44. Qe1 Bg4 45. Rb3 Ra7 46. f3 Bf5 47. Qc1 Ra4 48. Ra3 Qa7 49. Rxa4 Qxa4 50. Qc3 Qd1+ 51. Kf2 Qh1 52. g4 Qxh2+ 53. Ke1 Qh1+ 54. Ke2 Qg2+ 55. Bf2 Bc8 56. Qd3 h5 57. gxh5 Qh3 58. Nf1 Bf5 59. Qe3 g4 60. Ng3 gxf3+ 61. Kd2 Qg4 62. h6+ Kg6 63. Qe8 Kxh6 64. Qxf7 Bg5+ 65. Ke1 Bg6 66. Qf8+ Kh7 67. Qd6 Qc8 68. Qe5 Qe8 69. Qxe8 Bxe8 70. Nf5 Bd7 71. Ne3 Kg6 72. Bg1 Bf6 73. Nd1 Kf5 74. Kd2 Kg4 75. Bf2 Kf4 76. Be3+ Kg3 77. Ke1 Bf5 78. Bf2+ Kf4 79. Be3+ Ke4 80. Kd2 Bxd4 81. Nf2+ Ke5 0-1

[Event "ROM-ch U16"]
[Site "Calimanesti Caciulata"]
[Date "2019.04.18"]
[Round "5"]
[White "Padurariu, Mihai Edward"]
[Black "Craciun, Alexandru Emilian"]
[Result "1-0"]
[WhiteElo "2107"]
[BlackElo "2136"]
[PlyCount "77"]
[EventDate "2019.04.15"]
[EventType "swiss"]
[EventRounds "9"]
[EventCountry "ROU"]
[SourceTitle "CBM 190 Extra"]
[Source "ChessBase"]
[SourceDate "2019.07.15"]
[SourceVersion "1"]
[SourceVersionDate "2019.07.15"]
[SourceQuality "1"]

1. e4 e6 2. d4 d5 3. Nd2 Nf6 4. e5 Nfd7 5. f4 c5 6. Ngf3 Nc6 7. Nb3 cxd4 8. Nfxd4 Nc5 9. Be2 Nxb3 10. Nxb3 Qb6 11. c3 Bd7 12. Qd3 Rc8 13. Be3 Qc7 14. 0-0 a6 15. Rf3 Na5 16. Nd4 Nc4 17. Bc1 Bc5 18. Kh1 Qb6 19. b3 Na3 20. Be3 Bb5 21. Nxb5 Nxb5 22. Bd2 g6 23. a4 Na7 24. b4 Bxb4 25. cxb4 Nc6 26. b5 axb5 27. axb5 Ne7 28. Rff1 0-0 29. Be3 Qc7 30. Rfc1 Qd7 31. Bb6 Nf5 32. g4 Ne7 33. Qa3 d4 34. Qd6 Qxd6 35. exd6 Rxc1+ 36. Rxc1 Nd5 37. Bxd4 Rd8 38. Bf3 Nxf4 39. Bf6 1-0

[Event "ROM-ch U16"]
[Site "Calimanesti Caciulata"]
[Date "2019.04.15"]
[Round "1"]
[White "Barbu, Simon Alexandru"]
[Black "Craciun, Alexandru Emilian"]
[Result "0-1"]
[WhiteElo "1729"]
[BlackElo "2136"]
[PlyCount "88"]
[EventDate "2019.04.15"]
[EventType "swiss"]
[EventRounds "9"]
[EventCountry "ROU"]
[SourceTitle "CBM 190 Extra"]
[Source "ChessBase"]
[SourceDate "2019.07.15"]
[SourceVersion "1"]
[SourceVersionDate "2019.07.15"]
[SourceQuality "1"]

1. d4 Nf6 2. c4 e6 3. Nc3 c5 4. d5 exd5 5. cxd5 d6 6. e4 g6 7. f4 Bg7 8. Nf3 0-0 9. Bd3 a6 10. a4 Qc7 11. Nd2 Nbd7 12. 0-0 Re8 13. Re1 Rb8 14. Qb3 Ng4 15. Nc4 Bd4+ 16. Be3 Nxe3 17. Nxe3 Nf6 18. Kh1 Nh5 19. g3 Qd7 20. Bf1 b5 21. Nc4 Nf6 22. Nxd6 Qxd6 23. e5 Qd8 24. exf6 Bg4 25. axb5 axb5 26. Bg2 Bxf6 27. Ne4 Bd4 28. Rac1 Qb6 29. h3 Bf5 30. g4 Bxe4 31. Rxe4 Rxe4 32. Bxe4 Re8 33. Qc2 Bxb2 34. Rf1 Bd4 35. f5 Qd6 36. fxg6 fxg6 37. Qd3 Qe5 38. Re1 c4 39. Qf3 Rf8 40. Qa3 Rf2 41. Qa8+ Kg7 42. Qb7+ Kh6 43. g5+ Kxg5 44. Rg1+ Kh6 0-1

[Event "ROM-chT2"]
[Site "Gilau"]
[Date "2018.10.14"]
[Round "8.5"]
[White "Craciun, Alexandru Emilian"]
[Black "Porumb, Alecu"]
[Result "1/2-1/2"]
[WhiteElo "2101"]
[BlackElo "1528"]
[PlyCount "34"]
[EventDate "2018.10.07"]
[EventType "team-swiss"]
[EventRounds "9"]
[EventCountry "ROU"]
[SourceTitle "CBM 189 Extra"]
[Source "ChessBase"]
[SourceDate "2019.06.03"]
[SourceVersion "1"]
[SourceVersionDate "2019.06.03"]
[SourceQuality "1"]
[WhiteTeam "Galati Smart"]
[BlackTeam "Targoviste"]
[WhiteTeamCountry "ROU"]
[BlackTeamCountry "ROU"]

1. e4 d6 2. d4 Nf6 3. Nc3 e5 4. Nf3 exd4 5. Nxd4 a6 6. a4 Be7 7. Bd3 c6 8. 0-0 0-0 9. Kh1 Qc7 10. f4 Nbd7 11. Be2 Nc5 12. Bf3 Re8 13. b4 Ncd7 14. Nf5 Bf8 15. a5 g6 16. Ne3 Bg7 17. Ra3 Nf8 1/2-1/2

[Event "Arad op 11th"]
[Site "Arad"]
[Date "2018.08.08"]
[Round "5"]
[White "Craciun, Alexandru Emilian"]
[Black "Yordanov, Lachezar"]
[Result "0-1"]
[WhiteElo "2069"]
[BlackElo "2314"]
[PlyCount "98"]
[EventDate "2018.08.05"]
[EventType "swiss"]
[EventRounds "9"]
[EventCountry "ROU"]
[SourceTitle "CBM 185 Extra"]
[Source "ChessBase"]
[SourceDate "2018.07.29"]
[SourceVersion "1"]
[SourceVersionDate "2018.07.29"]
[SourceQuality "1"]

1. e4 c5 2. Nf3 d6 3. d3 Nc6 4. g3 g6 5. Bg2 Bg7 6. 0-0 e6 7. c3 Nge7 8. d4 cxd4 9. cxd4 0-0 10. Nc3 b6 11. Be3 Ba6 12. Re1 Rc8 13. Qd2 e5 14. d5 Nb8 15. Bf1 Bxf1 16. Rxf1 Qd7 17. Kh1 Na6 18. Rfc1 Nc5 19. b4 Na4 20. a3 Nxc3 21. Rxc3 Qg4 22. Ng5 h6 23. Rxc8 Nxc8 24. h3 Qd7 25. Nf3 Qxh3+ 26. Kg1 Qg4 27. Kg2 g5 28. Qc2 Ne7 29. Nh2 Qd7 30. Rc1 Rc8 31. Qd2 f5 32. f3 f4 33. gxf4 exf4 34. Rxc8+ Qxc8 35. Bd4 Ng6 36. Bxg7 Kxg7 37. Ng4 h5 38. Qb2+ Kh7 39. Nh2 Ne5 40. Qd2 Qc4 41. a4 Kg6 42. a5 Nd3 43. axb6 axb6 44. Qe2 b5 45. Qd2 Nxb4 46. e5 Qc2 47. Qxc2+ Nxc2 48. exd6 Kf7 49. Kf2 Ne3 0-1

[Event "ROM-chT U16"]
[Site "Iasi"]
[Date "2018.07.15"]
[Round "3.2"]
[White "Bonciu, David"]
[Black "Craciun, Alexandru Emilian"]
[Result "0-1"]
[WhiteElo "1860"]
[BlackElo "1969"]
[PlyCount "114"]
[EventDate "2018.07.13"]
[EventType "team-swiss"]
[EventRounds "7"]
[EventCountry "ROU"]
[SourceTitle "EXT 2019"]
[Source "ChessBase"]
[SourceDate "2018.10.10"]
[SourceVersion "1"]
[SourceVersionDate "2018.10.10"]
[SourceQuality "1"]
[WhiteTeam "Constanta Palatul Copiilor"]
[BlackTeam "Galati Smart"]
[WhiteTeamCountry "ROU"]
[BlackTeamCountry "ROU"]

1. e4 e6 2. d4 d5 3. Bd3 Nf6 4. e5 Nfd7 5. Ne2 c5 6. c3 Nc6 7. 0-0 a6 8. Be3 cxd4 9. cxd4 Nb4 10. Nbc3 Nxd3 11. Qxd3 Be7 12. f4 Nb6 13. b3 Bd7 14. Ng3 g6 15. a4 Nc8 16. f5 exf5 17. Nxd5 Be6 18. Nxe7 Nxe7 19. Ne2 Nd5 20. Nf4 Qb6 21. Nxe6 fxe6 22. Rac1 0-0 23. Rc4 Rad8 24. Bc1 Nb4 25. Qc3 Na2 26. Qb2 Nxc1 27. Rfxc1 Rd5 28. Rc5 Rfd8 29. R1c4 Rxd4 30. Qc3 Rxc4 31. Qxc4 Rd5 32. b4 Rxe5 33. Qd4 Rxc5 34. bxc5 Qc7 35. h3 e5 36. Qd5+ Kg7 37. Kf2 Kf6 38. Ke2 e4 39. Qd4+ Ke6 40. Qc4+ Ke5 41. Qc3+ Kd5 42. Qb3+ Kxc5 43. Qc3+ Kd6 44. Qd4+ Ke6 45. Qb4 Qc6 46. Qb3+ Ke5 47. Qb2+ Kd5 48. Qd2+ Kc4 49. Qb2 Qxa4 50. Qxb7 Qb5 51. Qxh7 Kd4+ 52. Kf2 e3+ 53. Kf3 Qd5+ 54. Kf4 e2 55. Qa7+ Kc3 56. Qe3+ Qd3 57. Qc1+ Kb3 0-1

[Event "ROM-chT U16"]
[Site "Iasi"]
[Date "2018.07.14"]
[Round "2.2"]
[White "Craciun, Alexandru Emilian"]
[Black "Iustin, Silviu"]
[Result "1/2-1/2"]
[WhiteElo "1969"]
[BlackElo "2065"]
[PlyCount "80"]
[EventDate "2018.07.13"]
[EventType "team-swiss"]
[EventRounds "7"]
[EventCountry "ROU"]
[SourceTitle "EXT 2019"]
[Source "ChessBase"]
[SourceDate "2018.10.10"]
[SourceVersion "1"]
[SourceVersionDate "2018.10.10"]
[SourceQuality "1"]
[WhiteTeam "Galati Smart"]
[BlackTeam "Buzau Gloria"]
[WhiteTeamCountry "ROU"]
[BlackTeamCountry "ROU"]

1. e4 e6 2. d3 d5 3. Nd2 c5 4. Ngf3 Nc6 5. g3 Nf6 6. Bg2 Be7 7. 0-0 0-0 8. e5 Nd7 9. Qe2 Qc7 10. Re1 b5 11. Nf1 a5 12. h4 Ba6 13. Bf4 Rfc8 14. N1h2 Qd8 15. Ng5 h6 16. Ngf3 b4 17. Qd2 c4 18. h5 c3 19. Qc1 cxb2 20. Qxb2 Qf8 21. Ng4 Na7 22. Nd4 Rab8 23. Bxd5 Nc5 24. Bf3 Bb7 25. Rad1 Bxf3 26. Nxf3 Na4 27. Qb3 Nc3 28. Ra1 Nab5 29. Ne3 a4 30. Qb2 b3 31. cxb3 a3 32. Qc2 Nd5 33. Nc4 Nb4 34. Qd2 Rd8 35. d4 Nc6 36. Re4 Bb4 37. Qd3 Nc3 38. Re3 Nd5 39. Re4 Nc3 40. Re3 Nd5 1/2-1/2

[Event "ROM-ch U16"]
[Site "Calimanesti"]
[Date "2018.03.29"]
[Round "3"]
[White "Stoleriu, George"]
[Black "Craciun, Alexandru Emilian"]
[Result "1-0"]
[WhiteElo "2337"]
[BlackElo "2029"]
[PlyCount "135"]
[EventDate "2018.03.27"]
[EventType "swiss"]
[EventRounds "9"]
[EventCountry "ROU"]
[SourceTitle "CBM 183 Extra"]
[Source "ChessBase"]
[SourceDate "2018.04.19"]
[SourceVersion "1"]
[SourceVersionDate "2018.04.19"]
[SourceQuality "1"]

1. Nf3 Nf6 2. g3 e6 3. Bg2 d5 4. c4 c5 5. cxd5 exd5 6. 0-0 Nc6 7. d4 h6 8. Nc3 Be6 9. Be3 c4 10. Ne5 Qc8 11. b3 Bb4 12. Rc1 0-0 13. bxc4 dxc4 14. Nxc6 bxc6 15. Bd2 Rd8 16. Qa4 Bxc3 17. Bxc3 Nd5 18. Ba1 Qd7 19. Qxc4 Nf4 20. d5 Nxd5 21. Qxc6 Qxc6 22. Rxc6 Rdc8 23. Rxc8+ Rxc8 24. a3 Rc2 25. Rd1 Nc3 26. Bxc3 Rxc3 27. Rd8+ Kh7 28. Be4+ g6 29. Rd3 Rc4 30. f3 Kg7 31. Kf2 Rc5 32. f4 Rc4 33. Bf3 g5 34. fxg5 hxg5 35. Bd5 Ra4 36. Bxe6 fxe6 37. h3 Kf6 38. Kf3 Kf5 39. Rc3 Ke5 40. Rb3 a6 41. Re3+ Kf6 42. g4 Rc4 43. Kg3 Rc1 44. Rf3+ Kg6 45. Kf2 Rc4 46. Rb3 Ra4 47. Kg3 Kf6 48. h4 gxh4+ 49. Kxh4 Ra5 50. Re3 Rc5 51. Rf3+ Kg6 52. Re3 Kf6 53. Re4 Ra5 54. a4 Rc5 55. Rf4+ Kg6 56. Rb4 Ra5 57. Rc4 Kf6 58. Kg3 Kg5 59. e3 Re5 60. Kf3 Ra5 61. Re4 Kf6 62. Kf4 Rc5 63. Rb4 Ra5 64. g5+ Kf7 65. Rb7+ Kg6 66. Re7 Rxa4+ 67. e4 Ra5 68. Rxe6+ 1-0

[Event "ROM-ch U14"]
[Site "Baile Felix"]
[Date "2017.02.07"]
[Round "7"]
[White "Craciun, Alexandru Emilian"]
[Black "Ungureanu, Alexandru Daniel"]
[Result "1/2-1/2"]
[WhiteElo "1944"]
[BlackElo "1609"]
[PlyCount "73"]
[EventDate "2017.02.02"]
[EventType "swiss"]
[EventRounds "9"]
[EventCountry "ROU"]
[SourceTitle "CBM 176 Extra"]
[Source "ChessBase"]
[SourceDate "2017.03.02"]
[SourceVersion "1"]
[SourceVersionDate "2017.03.02"]
[SourceQuality "1"]

1. e4 e6 2. d4 d5 3. Nc3 Bb4 4. e5 c5 5. a3 Bxc3+ 6. bxc3 Nc6 7. Nf3 Nge7 8. Bd3 h6 9. 0-0 c4 10. Be2 0-0 11. h3 Ng6 12. Nh2 Nce7 13. g4 f6 14. exf6 Rxf6 15. Be3 Qc7 16. Qd2 Nf4 17. Bxf4 Rxf4 18. Nf3 Bd7 19. Nh4 Raf8 20. Ng2 R4f7 21. g5 hxg5 22. Qxg5 Rf6 23. Bg4 Ng6 24. Rae1 Nh8 25. Qe3 Nf7 26. f3 Nh6 27. f4 Nf5 28. Bxf5 Rxf5 29. Rf3 Qd8 30. Rg3 Qf6 31. Rf1 Be8 32. Re1 Bd7 33. Qe2 Qh6 34. Kh1 Rh5 35. Qe3 Rhf5 36. Rg1 R8f7 37. Re1 1/2-1/2

[Event "ROM-ch U14"]
[Site "Baile Felix"]
[Date "2017.02.03"]
[Round "2"]
[White "Boeru, Darius Alexandru"]
[Black "Craciun, Alexandru Emilian"]
[Result "0-1"]
[WhiteElo "1684"]
[BlackElo "1944"]
[PlyCount "62"]
[EventDate "2017.02.02"]
[EventType "swiss"]
[EventRounds "9"]
[EventCountry "ROU"]
[SourceTitle "CBM 176 Extra"]
[Source "ChessBase"]
[SourceDate "2017.03.02"]
[SourceVersion "1"]
[SourceVersionDate "2017.03.02"]
[SourceQuality "1"]

1. e4 Nf6 2. e5 Nd5 3. d4 d6 4. c4 Nb6 5. exd6 cxd6 6. Nf3 Bg4 7. Be2 Nc6 8. b3 g6 9. h3 Bxf3 10. Bxf3 Bg7 11. Bb2 0-0 12. 0-0 e5 13. Bxc6 bxc6 14. dxe5 dxe5 15. Qe2 Qc7 16. Re1 Rfe8 17. Nd2 Rad8 18. Rad1 Nd7 19. Ne4 f5 20. Ng3 e4 21. Bxg7 Kxg7 22. Qb2+ Qe5 23. Qa3 a5 24. Rd6 Nf6 25. Rxc6 Rd2 26. Nf1 Rb2 27. Ne3 f4 28. Rc5 Qc3 29. Rc7+ Kh6 30. Nf1 Qc2 31. Qc5 e3 0-1